00345nam a2200121Ia 4500008004000000020001500040082001600055100003200071245002600103260005000129300001700179650002700196210210b1993 xxu||||| |||| 00| 0 eng d a0397446314 a616.01 MIMM aMIMS (Cedric A) and others. aMedical microbiology. aLondonbMOsby-Year Book Europe Limited,c1993 avii,39.18,xi aMedical Microbiology